| 000 | 00767nam a22002537a 4500 | ||
|---|---|---|---|
| 005 | 20170124105919.0 | ||
| 010 | _a587922 | ||
| 020 | _c00 | ||
| 035 | _a587922 | ||
| 037 | _bCen Lib/Ret | ||
| 040 |
_aDPL _bEN |
||
| 082 |
_a389 _bMET |
||
| 245 |
_aMetric change in india / _cedited by Lal C. Verman, Jainath Kaul |
||
| 246 | _b | ||
| 260 |
_bIndian Standards Institution _aNew Delhi _c1970 |
||
| 270 |
_bNew Delhi _a manak bhawan, 9 bahadur shah zafar road _e110001 |
||
| 300 |
_axxvi, 527p.: _c21cm(Hb) _bill. |
||
| 500 | _aIncludes appendix and index | ||
| 650 |
_aAdministrative Apparatus _93626 |
||
| 650 |
_aMatric Systems _93627 |
||
| 700 |
_aVerman, Lal C. _93628 |
||
| 700 |
_aKaul, Jainath _93629 |
||
| 942 |
_2ddc _cEN _h389 _mMET |
||
| 999 |
_c123010 _d123010 |
||